[Event "Sunnyvale 1000 GM 07"]
[Site "Sunnyvale"]
[Date "2023.08.01"]
[Round "8"]
[White "Wang, Isaac"]
[Black "Perez Gormaz, Matias Ariel"]
[Result "1/2-1/2"]
[WhiteElo "2353"]
[BlackElo "2407"]
[PlyCount "23"]
[EventDate "2023.07.28"]
[EventType "schev"]
[EventRounds "9"]
[EventCountry "USA"]
[SourceTitle "EXT 2024"]
[Source "ChessBase"]
[SourceDate "2023.10.10"]
[SourceVersion "1"]
[SourceVersionDate "2023.10.10"]
[SourceQuality "1"]

1. d4 Nf6 2. c4 e6 3. Nf3 Bb4+ 4. Bd2 Bxd2+ 5. Qxd2 d5 6. Nc3 0-0 7. g3 dxc4 8. Bg2 c6 9. Ne5 Qe7 10. Nxc4 Rd8 11. Rd1 c5 12. Qf4 1/2-1/2

[Event "Charlotte Super op"]
[Site "Charlotte"]
[Date "2023.07.11"]
[Round "4"]
[White "Wang, Isaac"]
[Black "Michelle, Catherina P"]
[Result "0-1"]
[WhiteElo "2353"]
[BlackElo "2153"]
[PlyCount "74"]
[EventDate "2023.07.09"]
[EventType "swiss"]
[EventRounds "9"]
[EventCountry "USA"]
[SourceTitle "CBM 215 Extra"]
[Source "ChessBase"]
[SourceDate "2023.09.30"]
[SourceVersion "1"]
[SourceVersionDate "2023.09.30"]
[SourceQuality "1"]

1. d4 Nf6 2. c4 e6 3. Nf3 d5 4. Nc3 dxc4 5. e4 b5 6. e5 Nd5 7. Nxb5 Nb6 8. Be2 Be7 9. 0-0 Nc6 10. Qd2 Qd7 11. Qf4 Bb7 12. b3 g5 13. Nxg5 Bxg5 14. Qxg5 Ne7 15. Qf6 Rg8 16. Bg5 Nbd5 17. Qf3 Rxg5 18. bxc4 a6 19. Na3 Nf5 20. Qe4 c5 21. Rfb1 Nb4 22. d5 Nd4 23. Bf1 exd5 24. Qe3 Rg6 25. Rc1 Rc8 26. Rab1 Qg4 27. Qg3 Qh5 28. Qf4 Rg4 29. Qf6 Rc6 30. Qh8+ Ke7 31. Rc3 Rh6 32. h3 Rgg6 33. cxd5 Bxd5 34. Rxb4 Nf3+ 35. Rxf3 Qxf3 36. Rg4 Rxg4 37. hxg4 Qf4 0-1

[Event "Sunnyvale Independence Day op"]
[Site "Sunnyvale"]
[Date "2023.07.02"]
[Round "4"]
[White "Maass Garza, Alejandro"]
[Black "Wang, Isaac"]
[Result "0-1"]
[WhiteElo "2236"]
[BlackElo "2353"]
[PlyCount "74"]
[EventDate "2023.06.30"]
[EventType "swiss"]
[EventRounds "9"]
[EventCountry "USA"]
[SourceTitle "EXT 2024"]
[Source "ChessBase"]
[SourceDate "2023.10.10"]
[SourceVersion "1"]
[SourceVersionDate "2023.10.10"]
[SourceQuality "1"]

1. e4 c5 2. Nf3 d6 3. d4 cxd4 4. Nxd4 Nf6 5. Nc3 a6 6. a4 e5 7. Nb3 Be7 8. Be2 0-0 9. 0-0 Be6 10. Be3 Qc7 11. a5 Nbd7 12. Kh1 Rac8 13. f4 exf4 14. Bxf4 Rfe8 15. Nd4 Bf8 16. Nxe6 fxe6 17. Bd3 Ne5 18. Qe1 Nfd7 19. Qg3 g6 20. Be2 Nc6 21. h4 Nde5 22. h5 Bg7 23. h6 Bh8 24. Rf2 Nxa5 25. Raf1 Nac6 26. Bg5 Rf8 27. Bg4 Nxg4 28. Qxg4 Qd7 29. Nd5 Rxf2 30. Rxf2 Ne5 31. Qd1 exd5 32. Qxd5+ Nf7 33. b4 Re8 34. Bf6 Qe6 35. Qd4 Bxf6 36. Rxf6 Qxe4 37. Qb2 Qe1+ 0-1

[Event "Sunnyvale Independence Day op"]
[Site "Sunnyvale"]
[Date "2023.07.02"]
[Round "5"]
[White "Wang, Isaac"]
[Black "Santos Flores, Alberto Javier"]
[Result "1/2-1/2"]
[WhiteElo "2353"]
[BlackElo "2164"]
[PlyCount "69"]
[EventDate "2023.06.30"]
[EventType "swiss"]
[EventRounds "9"]
[EventCountry "USA"]
[SourceTitle "EXT 2024"]
[Source "ChessBase"]
[SourceDate "2023.10.10"]
[SourceVersion "1"]
[SourceVersionDate "2023.10.10"]
[SourceQuality "1"]

1. d4 d5 2. c4 c6 3. Nc3 Nf6 4. Nf3 dxc4 5. e4 b5 6. Be2 b4 7. Na4 Nxe4 8. Bxc4 e6 9. 0-0 Be7 10. Re1 Nf6 11. Ne5 0-0 12. Bg5 h6 13. Bh4 Nfd7 14. Bxe7 Qxe7 15. Ng6 fxg6 16. Rxe6 Qf7 17. Rxc6 Nxc6 18. Bxf7+ Rxf7 19. d5 Nce5 20. Qd4 Bb7 21. f4 Ng4 22. Qxb4 Bxd5 23. Nc3 Nb6 24. h3 Ne3 25. Qc5 Re8 26. Re1 Rfe7 27. Nb5 Re6 28. Nxa7 Nxg2 29. Rxe6 Rxe6 30. Nc8 Nxf4 31. Nxb6 Re1+ 32. Kh2 Re2+ 33. Kg1 Re1+ 34. Kh2 Re2+ 35. Kg1 1/2-1/2

[Event "Titled Tuesday intern op 20th Jun Late"]
[Site "Chess.com INT"]
[Date "2023.06.20"]
[Round "7"]
[White "Xu, Yi"]
[Black "Wang, Isaac"]
[Result "1/2-1/2"]
[WhiteElo "2502"]
[BlackElo "2127"]
[PlyCount "109"]
[EventDate "2023.06.20"]
[EventType "swiss (blitz)"]
[EventRounds "11"]
[EventCountry "USA"]
[SourceTitle "EXT 2024"]
[Source "ChessBase"]
[SourceDate "2023.10.10"]
[SourceVersion "1"]
[SourceVersionDate "2023.10.10"]
[SourceQuality "1"]

1. d4 d5 2. c4 c6 3. e3 Nf6 4. Nc3 Bf5 5. f3 e6 6. g4 Bg6 7. h4 h5 8. g5 Nfd7 9. e4 dxe4 10. fxe4 Bb4 11. Bd3 e5 12. d5 Nc5 13. Qe2 Nxd3+ 14. Qxd3 Na6 15. Be3 cxd5 16. cxd5 0-0 17. Nf3 f5 18. gxf6 Qxf6 19. 0-0 Nc5 20. Qc4 Bxc3 21. Bxc5 Bxb2 22. Rab1 Bd4+ 23. Nxd4 Qxh4 24. Rxf8+ Rxf8 25. Bxf8 Qg3+ 26. Kf1 Bxe4 27. Rb3 Qg2+ 28. Ke1 Bxd5 29. Qe2 Qxe2+ 30. Nxe2 Bxb3 31. Bd6 Bxa2 32. Bxe5 g5 33. Bf6 g4 34. Ng3 Kf7 35. Bd8 Kg6 36. Kd2 b5 37. Kc3 Bd5 38. Kb4 Bc4 39. Ka5 Bd3 40. Kb4 Kh6 41. Ka5 Kg6 42. Kb4 Kf7 43. Nxh5 Ke6 44. Nf4+ Kf5 45. Nxd3 Ke4 46. Nc5+ Kf3 47. Ne6 g3 48. Nd4+ Kf2 49. Bh4 Ke3 50. Nf5+ Kf4 51. Nxg3 Kg4 52. Nf5 Kxf5 53. Bf2 Ke4 54. Bxa7 Kd5 55. Kxb5 1/2-1/2

[Event "Milpitas 1000 GM IM April"]
[Site "Milpitas"]
[Date "2023.04.01"]
[Round "3.2"]
[White "Campos Jimenez, Augusto Cesar"]
[Black "Wang, Isaac"]
[Result "1/2-1/2"]
[WhiteElo "2330"]
[BlackElo "2038"]
[PlyCount "77"]
[EventDate "2023.03.31"]
[EventType "schev"]
[EventRounds "10"]
[EventCountry "USA"]
[SourceTitle "CBM 213 Extra"]
[Source "ChessBase"]
[SourceDate "2023.05.31"]
[SourceVersion "1"]
[SourceVersionDate "2023.05.31"]
[SourceQuality "1"]

1. e4 c5 2. Nc3 d6 3. d4 cxd4 4. Qxd4 Nc6 5. Bb5 Bd7 6. Bxc6 Bxc6 7. Nf3 e5 8. Qd3 h6 9. 0-0 Be7 10. Nd5 Nf6 11. c4 Nxd5 12. cxd5 Bd7 13. Be3 0-0 14. Nd2 Qa5 15. Rfc1 Rfc8 16. Nc4 Qd8 17. a4 Bf8 18. Qb3 b6 19. Rc3 Rab8 20. Qa3 Qh4 21. Nd2 f5 22. f3 Qf6 23. Rac1 fxe4 24. Nxe4 Qg6 25. Rc7 Bh3 26. Ng3 Rxc7 27. Rxc7 Rc8 28. Qc3 Rxc7 29. Qxc7 Qd3 30. Kf2 Bf5 31. Nxf5 Qxf5 32. Qxa7 Qc2+ 33. Kg3 Qg6+ 34. Kh3 Qh5+ 35. Kg3 Qg6+ 36. Kf2 Qc2+ 37. Kg3 Qg6+ 38. Kf2 Qc2+ 39. Kg3 1/2-1/2

[Event "Milpitas 1000 GM IM April"]
[Site "Milpitas"]
[Date "2023.04.01"]
[Round "2.3"]
[White "Wang, Isaac"]
[Black "Bacus, Dharim"]
[Result "1-0"]
[WhiteElo "2038"]
[BlackElo "2158"]
[PlyCount "49"]
[EventDate "2023.03.31"]
[EventType "schev"]
[EventRounds "10"]
[EventCountry "USA"]
[SourceTitle "CBM 213 Extra"]
[Source "ChessBase"]
[SourceDate "2023.05.31"]
[SourceVersion "1"]
[SourceVersionDate "2023.05.31"]
[SourceQuality "1"]

1. d4 Nf6 2. c4 e6 3. Nf3 d5 4. Nc3 Bb4 5. Bg5 h6 6. Bxf6 Qxf6 7. Qa4+ Nc6 8. e3 0-0 9. Rc1 Rd8 10. Be2 a6 11. cxd5 exd5 12. 0-0 Be6 13. Ne5 Bxc3 14. Nxc6 Bd7 15. Rxc3 Bxc6 16. Qa5 Qd6 17. Rfc1 Re8 18. Bf3 Re7 19. Qc5 Rd8 20. Be2 Qxc5 21. Rxc5 Ra8 22. b4 Rd7 23. Ra5 Rdd8 24. h4 Kf8 25. a4 1-0

[Event "Los Angeles 1000GM Spring op"]
[Site "Los Angeles"]
[Date "2023.03.21"]
[Round "9"]
[White "Gutla, Aryan"]
[Black "Wang, Isaac"]
[Result "1/2-1/2"]
[WhiteElo "2385"]
[BlackElo "2038"]
[PlyCount "100"]
[EventDate "2023.03.17"]
[EventType "swiss"]
[EventRounds "9"]
[EventCountry "USA"]
[SourceTitle "CBM 213 Extra"]
[Source "ChessBase"]
[SourceDate "2023.05.31"]
[SourceVersion "1"]
[SourceVersionDate "2023.05.31"]
[SourceQuality "1"]

1. d4 d5 2. c4 c6 3. Nc3 Nf6 4. cxd5 cxd5 5. Bf4 Nc6 6. e3 a6 7. Be2 Bf5 8. Rc1 e6 9. Qb3 Ra7 10. Nf3 Be7 11. 0-0 0-0 12. h3 Na5 13. Qd1 b5 14. Ne5 Qb6 15. Nd3 Bxd3 16. Bxd3 h6 17. b3 Bd6 18. Qf3 Bxf4 19. Qxf4 Raa8 20. Nb1 Rac8 21. Nd2 Qb7 22. Nf3 Nc6 23. Bb1 Qe7 24. Rc5 Nd7 25. Rc3 Nce5 26. Rfc1 Rxc3 27. Rxc3 Nxf3+ 28. Qxf3 Qb4 29. Rc1 Qd2 30. Qd1 Qxd1+ 31. Rxd1 Rc8 32. Bd3 Nb6 33. Kf1 Kf8 34. Ke2 Ke7 35. Kd2 Kd6 36. h4 Rc7 37. Rh1 f6 38. Rh3 Nc8 39. g4 Na7 40. g5 hxg5 41. hxg5 Nc6 42. Rh8 fxg5 43. Rh5 e5 44. Rxg5 exd4 45. Rg6+ Kc5 46. a3 dxe3+ 47. fxe3 a5 48. Rg5 Re7 49. Be2 Ne5 50. a4 b4 1/2-1/2